000 00289nam a22001337a 4500
008 181031b xxu||||| |||| 00| 0 eng d
020 _a0395877830
041 _aeng
080 _a371
100 _a46
101 _aEDU
245 _aStrategies for Success
_cHopper,C.H
942 _2udc
_cBK
999 _c51238
_d51238